000 00569nam a2200205 a 4500
005 20210219153047.0
008 991125n 000 0 spa u
035 _aUPN01000075162
100 1 _aDel Carmen Martín, Luis
222 _aALAMBIQUE :
_bDIDACTICA DE LAS CIENCIAS EXPERIMENTALES
245 _aEl estudio de los ecosistemas
260 _aEspaña
300 _a47-54
362 0 _a1999 Año 6, no. 20, abr.-jun.
653 0 _aECOSISTEMA
653 0 _aEDUCACION PRIMARIA
653 0 _aEDUCACION SECUNDARIA
904 _aAC
_b012973
905 _aArticulo
999 _c67370
_d67370